Personal management & welfare measurement in the integral coatch factory (Record no. 1442305)

MARC details
000 -LEADER
fixed length control field 00556nam a2200169Ia 4500
005 - DATE AND TIME OF LATEST TRANSACTION
control field 20250923144715.0
008 - FIXED-LENGTH DATA ELEMENTS--GENERAL INFORMATION
fixed length control field 008 250917s9999 xx 000 0 eng d
037 ## - SOURCE OF ACQUISITION
Stock number Textual
040 ## - CATALOGING SOURCE
Original cataloging agency DSWL
Language of cataloging eng
Transcribing agency DSWL
041 ## - LANGUAGE CODE
Language code of text/sound track or separate title eng
Source of code eng
084 ## - COLON CLASSIFICATION NUMBER
Classification number X8(D):90t58.211'N59t4, N60
Assigning agency DSWL
100 ## - MAIN ENTRY--PERSONAL NAME
Personal name Ponappa, C.S.
9 (RLIN) 827582
245 #0 - TITLE STATEMENT
Title Personal management & welfare measurement in the integral coatch factory
Statement of responsibility, etc. by C.S. Ponappa
260 ## - PUBLICATION, DISTRIBUTION, ETC.
Date of publication, distribution, etc. 1960
942 ## - ADDED ENTRY ELEMENTS (KOHA)
Koha item type Textual
Classification part X8(D):90t58.211'N59t4, N60
Holdings
Withdrawn status Lost status Damaged status Not for loan Home library Current library Date acquired Total Checkouts Full call number Barcode Date last seen Price effective from Koha item type
        Department of Social Work Library Department of Social Work Library 2025-09-23   X8(D):90t58.211'N59t4, N60 SW0006790 2025-09-23 2025-09-23 Textual
Copyright @ Delhi University Library System